Bible Quotes Quiz #2 - Statistics

General Stats
  • This quiz has been taken 52,973 times
    43,726 since last reset
  • The average score is 11 of 16
Answer Stats
Verse Quote % Correct
Matthew 7:7 Seek, and ye shall {find}
95%
Genesis 1:27 So God created man in his own {image}
90%
Exodus 33:3 A land flowing with milk and {honey}
87%
1 Timothy 6:12 Fight the {good} fight
84%
Matthew 6:24 No man can serve two {masters}
80%
Genesis 4:9 Am I my brother's {keeper}?
78%
Matthew 5:5 Blessed are the {meek}: for they shall inherit the earth
78%
Psalm 23:4 Yea, though I walk through the valley of the {shadow} {of} {death}, I will fear no evil
75%
Matthew 19:24 It is easier for a {camel} to go through the eye of a needle, than for a rich man to enter into the kingdom of God
74%
Matthew 26:41 the spirit indeed is willing, but the flesh is {weak}
70%
1 Timothy 6:10 For the love of money is the {root} {of} {all} {evil}
63%
Ecclesiastes 1:9 And there is no new thing under {the} {sun}
62%
Matthew 7:14 Because strait is the gate, and {narrow} is the way, which leadeth unto life
52%
Matthew 7:6 Neither cast ye your pearls before {swine}
51%
Daniel 5:27 Thou art weighed in the balances, and art found {wanting}
36%
Jeremiah 17:9 The heart is {deceitful} above all things
18%
No matching quizzes found
Score Distribution
Percent of People with Each Score
Percentile by Number Answered
Your Score History
You have not taken this quiz since the last reset